01067cam a22002657i 450000100090000000300040000900500170001300800410003001000170007101600180008802000180010602000150012403500240013904001100016304200140027305000220028708200170030910000330032624500490035930000290040850400670043752002470050465000260075165000240077717670110OSt20150408114200.0130322s2012 enk b 001 0 eng d a 20125322807 a0161025092Uk a9780199608577 a0199608571 a(OCoLC)ocn785869645 aBTCTAbengcBTCTAerdadUKMGBdCDXdYDXCPdYNKdBWXdQGKdSTFdKKUdNLEdBDXdDEBSZdOBEdLMRdOCLCQdDLC alccopycat00aBD161b.C385 201204a121223bCDC1 aChalmers, David John,d1966-10aConstructing the world /cDavid J. Chalmers. axxvi, 494 pages ;c24 cm aIncludes bibliographical references (pages 475-483) and index.8 aDavid J. Chalmers constructs a highly ambitious and original picture of the world, from a few basic elements. He returns to Rudolf Carnap's attempt to do the same, and adopts the idea of scrutability - to address central themes in philosophy. 0aKnowledge, Theory of. 0aLogical positivism.